[Event "I Open"]
[Site "Cortina d'Ampezzo ITA"]
[Date "2012.09.22"]
[Round "6"]
[White "Gaspari, Mauro"]
[Black "Caldara, Sisto"]
[WhiteElo "1966"]
[BlackElo "1786"]
[Result "0-1"]
[PlyCount "105"]
[EventDate "2012.09.18"]

1. c4 f5 2. g3 Nf6 3. Nf3 g6 4. Bg2 Bg7 5. d4 d6 6. O-O O-O 7. Nc3 Qe8 8. Qc2
Na6 9. Bf4 h6 10. Rad1 c6 11. d5 Bd7 12. Nd4 Rc8 13. h4 cxd5 14. cxd5 Nc5 15.
Qd2 Kh7 16. Rc1 Qf7 17. Qe3 a5 18. Rfd1 Rfe8 19. Ndb5 Nh5 20. Qd2 Nxf4 21. Qxf4
Be5 22. Qf3 Rf8 23. e3 g5 24. hxg5 hxg5 25. Qe2 f4 26. exf4 gxf4 27. Nd4 fxg3
28. fxg3 Qg7 29. Nf3 Bxg3 30. Ne4 Nxe4 31. Qxe4+ Bf5 32. Qe2 Rxc1 33. Rxc1 Bf4
34. Rc4 Bg4 35. Rc3 Kh8 36. Qe4 Bh3 37. Rc2 Bf5 38. Qxf4 Bxc2 39. Qh4+ Kg8 40.
Qh3 Bf5 41. Qh4 Rf6 42. Qc4 Rg6 43. Nh4 Rg4 44. Qf1 Be4 45. Nf3 Rf4 46. Kf2
Bxd5 47. b3 e5 48. Qd1 Qf7 49. Ke3 Bxf3 50. Bxf3 Rxf3+ 51. Qxf3 Qxf3+ 52. Kxf3
Kf7 53. Ke4 0-1

[Event "I Open"]
[Site "Cortina d'Ampezzo ITA"]
[Date "2012.09.22"]
[Round "6"]
[White "Maddaloni, Giovanni"]
[Black "Obersteiner, Stefan"]
[WhiteElo "1776"]
[BlackElo "1646"]
[Result "1/2-1/2"]
[PlyCount "97"]
[EventDate "2012.09.18"]

1. e4 c5 2. Nf3 Nc6 3. Bb5 d6 4. O-O Bd7 5. d4 cxd4 6. Nxd4 a6 7. Bxc6 bxc6 8.
c4 c5 9. Ne2 e6 10. Nbc3 Bc6 11. Ng3 g6 12. Be3 Qb6 13. Qd2 Rd8 14. Rab1 a5 15.
Rfd1 h5 16. f3 h4 17. Nh1 Be7 18. Nf2 Nf6 19. Qe2 d5 20. exd5 exd5 21. cxd5
Bxd5 22. Na4 Qe6 23. b3 O-O 24. Re1 c4 25. Bg5 Rfe8 26. Qxe6 fxe6 27. Bxh4 Kf7
28. bxc4 Bxc4 29. Rb7 Kf8 30. Ne4 Nxe4 31. Bxe7+ Rxe7 32. Rxe7 Kxe7 33. Rxe4
Bxa2 34. Nc3 Bb3 35. h4 Rd3 36. Nb5 a4 37. Kf2 Bd5 38. Rxa4 Kf6 39. g4 Rxf3+
40. Ke2 Ke5 41. h5 gxh5 42. gxh5 Rh3 43. Nc7 Rxh5 44. Nxd5 exd5 45. Kd3 Rh3+
46. Kd2 d4 47. Ra8 Rh6 48. Kd3 Rh3+ 49. Kd2 1/2-1/2

[Event "I Open"]
[Site "Cortina d'Ampezzo ITA"]
[Date "2012.09.23"]
[Round "7"]
[White "Caldara, Sisto"]
[Black "Naumkin, Igor"]
[WhiteElo "1786"]
[BlackElo "2473"]
[Result "0-1"]
[PlyCount "60"]
[EventDate "2012.09.18"]

1. Nf3 Nf6 2. d4 e6 3. c4 b6 4. Nc3 Bb7 5. Bg5 h6 6. Bh4 g5 7. Bg3 Nh5 8. e3
Nxg3 9. hxg3 Bg7 10. Qb3 Nc6 11. Rd1 Qe7 12. Nb5 d5 13. cxd5 exd5 14. Be2 Rd8
15. Rc1 a6 16. Nc3 Na5 17. Qa4+ Kf8 18. Nd2 c5 19. Nf3 c4 20. O-O Nc6 21. Rce1
b5 22. Qd1 f5 23. Nd2 g4 24. Qb1 Bc8 25. Nd1 h5 26. f3 Nxd4 27. exd4 Bxd4+ 28.
Nf2 h4 29. fxg4 hxg3 30. Bd3 Qh4 0-1

[Event "I Open"]
[Site "Cortina d'Ampezzo ITA"]
[Date "2012.09.23"]
[Round "7"]
[White "Womacka, Mathias"]
[Black "Enigl, Karl"]
[WhiteElo "2431"]
[BlackElo "2095"]
[Result "1-0"]
[PlyCount "67"]
[EventDate "2012.09.18"]

1. e4 Nf6 2. e5 Nd5 3. d4 d6 4. Nf3 Bg4 5. Be2 e6 6. O-O Be7 7. h3 Bh5 8. c4
Nb6 9. Nc3 O-O 10. Be3 d5 11. cxd5 exd5 12. g4 Bg6 13. Ne1 c6 14. f4 f5 15.
exf6 Bxf6 16. f5 Bf7 17. Nf3 h6 18. Bf4 Nc4 19. b3 Nd6 20. Qc2 Na6 21. Bxa6
bxa6 22. Na4 Rc8 23. Nc5 Re8 24. Be5 Ne4 25. Rae1 Nxc5 26. Qxc5 Qb6 27. Kg2 Be7
28. Bd6 Bxd6 29. Qxd6 Re4 30. Rxe4 dxe4 31. Ne5 c5 32. Nxf7 cxd4 33. Qxb6 axb6
34. Ne5 1-0

[Event "I Open"]
[Site "Cortina d'Ampezzo ITA"]
[Date "2012.09.23"]
[Round "7"]
[White "Bender, Dirk"]
[Black "Velluti, Alberto"]
[WhiteElo "2026"]
[BlackElo "1950"]
[Result "1-0"]
[PlyCount "63"]
[EventDate "2012.09.18"]

1. c4 c6 2. g3 Nf6 3. Bg2 d5 4. cxd5 cxd5 5. e3 Nc6 6. Ne2 Bf5 7. d4 e6 8. O-O
Bd6 9. a3 O-O 10. Nbc3 Rc8 11. f3 Bb8 12. e4 dxe4 13. fxe4 Bg4 14. Bg5 h6 15.
Bxf6 gxf6 16. Qd2 Kh7 17. Rad1 Rg8 18. Qe3 a6 19. Kh1 Qe7 20. Rf2 Rg6 21. Rdf1
Bxe2 22. Nxe2 e5 23. Bh3 Rcg8 24. Bf5 Nxd4 25. Bxg6+ Rxg6 26. Nc3 Ba7 27. Nd5
Qe6 28. Rxf6 Qh3 29. Rxf7+ Rg7 30. Rxg7+ Kxg7 31. Qf2 Nf5 32. Qxf5 1-0

[Event "I Open"]
[Site "Cortina d'Ampezzo ITA"]
[Date "2012.09.23"]
[Round "7"]
[White "Tomio, Dante"]
[Black "Dallaglio, Giovanni"]
[WhiteElo "1888"]
[BlackElo "1994"]
[Result "0-1"]
[PlyCount "134"]
[EventDate "2012.09.18"]

1. d4 d5 2. Nf3 Nf6 3. c4 e6 4. Nc3 Be7 5. e3 O-O 6. Qc2 c5 7. Bd3 Nc6 8. O-O
dxc4 9. Bxc4 cxd4 10. exd4 Nxd4 11. Nxd4 Qxd4 12. Nb5 Qb6 13. Bf4 Bd7 14. Nc3
Rac8 15. Bb3 Bc6 16. Qe2 Bb4 17. Be3 Qa5 18. Bd4 Qg5 19. f3 Rfd8 20. Bxf6 gxf6
21. Rad1 Bxc3 22. bxc3 Qc5+ 23. Qf2 Qxf2+ 24. Kxf2 b5 25. c4 Rxd1 26. Rxd1 bxc4
27. Bxc4 Bxf3 28. Bxe6 fxe6 29. Kxf3 Rc3+ 30. Ke4 Rc2 31. Rd8+ Kf7 32. Rd7+ Kg6
33. Kf3 Rxa2 34. h3 h5 35. Rd8 Ra3+ 36. Kf2 h4 37. Rg8+ Kf5 38. Rg4 Ra2+ 39.
Kf1 e5 40. Rxh4 a5 41. Rc4 a4 42. h4 a3 43. g4+ Kg6 44. Ra4 Rh2 45. h5+ Kg5 46.
Rxa3 Kxg4 47. Ra6 Kf5 48. Kg1 Rxh5 49. Kg2 Rh4 50. Kg3 Rb4 51. Kf3 Rb3+ 52. Ke2
Kg5 53. Ra5 Kf4 54. Ra4+ e4 55. Ra6 Rb2+ 56. Kf1 f5 57. Rf6 Kg4 58. Rf8 f4 59.
Ke1 Kf3 60. Rc8 Rb1+ 61. Kd2 e3+ 62. Kc2 Rh1 63. Rc3 Kf2 64. Kd3 f3 65. Ke4
Rh4+ 66. Kd3 e2 67. Rc2 Kf1 0-1

[Event "I Open"]
[Site "Cortina d'Ampezzo ITA"]
[Date "2012.09.23"]
[Round "7"]
[White "Buratti, Marco"]
[Black "Maddaloni, Giovanni"]
[WhiteElo "1987"]
[BlackElo "1776"]
[Result "1-0"]
[PlyCount "85"]
[EventDate "2012.09.18"]

1. d4 Nf6 2. Nc3 g6 3. Bg5 a6 4. e4 d6 5. Qd2 Bg7 6. a4 h6 7. Bh4 O-O 8. Bc4
Nc6 9. f3 Nb4 10. Nge2 d5 11. Bxf6 exf6 12. Nxd5 Nxd5 13. Bxd5 f5 14. O-O a5
15. c3 Ra6 16. Bc4 Rb6 17. Nf4 g5 18. Nd5 Rd6 19. Ne3 f4 20. Nc2 h5 21. Na3 c6
22. Ba2 Be6 23. Bxe6 fxe6 24. Nc4 Rd7 25. e5 c5 26. Rfd1 cxd4 27. cxd4 Rd5 28.
Ra3 g4 29. Rb3 Qg5 30. fxg4 hxg4 31. Rxb7 Rfd8 32. Qf2 Rxe5 33. Nxe5 Bxe5 34.
Qc2 Bg7 35. Qe4 Qh6 36. Rb6 Qh5 37. Qxe6+ Kh7 38. Rb5 Qh4 39. Qf7 Kh6 40. Qxf4+
Kh7 41. Rg5 Rf8 42. Qe4+ Kh8 43. Rf5 1-0